000 00430nam a2200157Ia 4500
008 151021s9999 xx 000 0 und d
020 _a421878002
050 _aKD 1859 .B52 2004
245 _a_Birds` modern insurance law (6th ed.)
260 _aLondon sweet&Maxwell 2004
300 _aL;425p.
500 _aIncludes Index
650 _a_insurance law
700 _a_Norma J. Hird
980 _a^d20110318 11:41:01^okorir
999 _c6862
_d6862